<?xml version="1.0" encoding="UTF-8"?><?xml-stylesheet type="text/xsl" href="static/style.xsl"?><OAI-PMH xmlns="http://www.openarchives.org/OAI/2.0/" xmlns:xsi="http://www.w3.org/2001/XMLSchema-instance" xsi:schemaLocation="http://www.openarchives.org/OAI/2.0/ http://www.openarchives.org/OAI/2.0/OAI-PMH.xsd"><responseDate>2026-04-17T03:31:35Z</responseDate><request verb="GetRecord" identifier="oai:www.recercat.cat:2445/144609" metadataPrefix="marc">https://recercat.cat/oai/request</request><GetRecord><record><header><identifier>oai:recercat.cat:2445/144609</identifier><datestamp>2025-12-05T05:36:07Z</datestamp><setSpec>com_2072_1057</setSpec><setSpec>col_2072_478857</setSpec><setSpec>col_2072_478917</setSpec></header><metadata><record xmlns="http://www.loc.gov/MARC21/slim" xmlns:dcterms="http://purl.org/dc/terms/" xmlns:xsi="http://www.w3.org/2001/XMLSchema-instance" xmlns:doc="http://www.lyncode.com/xoai" xsi:schemaLocation="http://www.loc.gov/MARC21/slim http://www.loc.gov/standards/marcxml/schema/MARC21slim.xsd">
   <leader>00925njm 22002777a 4500</leader>
   <datafield ind2=" " ind1=" " tag="042">
      <subfield code="a">dc</subfield>
   </datafield>
   <datafield ind2=" " ind1=" " tag="720">
      <subfield code="a">Martín, Fernando, 1946-</subfield>
      <subfield code="e">author</subfield>
   </datafield>
   <datafield ind2=" " ind1=" " tag="260">
      <subfield code="c">2019-11-12T13:10:28Z</subfield>
   </datafield>
   <datafield ind2=" " ind1=" " tag="260">
      <subfield code="c">2019-11-12T13:10:28Z</subfield>
   </datafield>
   <datafield ind2=" " ind1=" " tag="260">
      <subfield code="c">1986</subfield>
   </datafield>
   <datafield ind2=" " ind1=" " tag="260">
      <subfield code="c">2019-11-12T13:10:28Z</subfield>
   </datafield>
   <datafield ind2=" " ind1=" " tag="520">
      <subfield code="a">Desde que en 1867 se publicó el decreto de Emilio Paulo, grabado en el denominado bronce de Lascuta, llamó la atención, entre otros aspectos, la inversión del orden habitual y estereotipado de la expresión senatus populusque Romanus al final del dispositivo, dum poplus senatusque Romanus uellet. Sin embargo, a los investigadores que en su momento se vieron sorprendidos por la alteración, en especial Mommsen, les debió de pasar inadvertido algún detalle por lo que, a mijuicio, apesar de sus útiles comprobaciones, no se ha llegado a una explicación del todo satisfactoria. Actualmente cobra nuevo interés el tema tras la aparición en Alcántara (Hispania Ulterior) de una inscripción en bronce que acaba de publicarse. Se trata de la deditio de un pueblo indígena, los Seanocos, y su aceptación por parte del gobernador romano L. Cesio, quien, tras declarar libres a los deditores, les devuelve sus bienes dum populu[s Roinanus senatusquel Roamanus uellet.</subfield>
   </datafield>
   <datafield tag="653" ind2=" " ind1=" ">
      <subfield code="a">Inscripcions llatines</subfield>
   </datafield>
   <datafield tag="653" ind2=" " ind1=" ">
      <subfield code="a">Bronzes romans</subfield>
   </datafield>
   <datafield tag="653" ind2=" " ind1=" ">
      <subfield code="a">Latin inscriptions</subfield>
   </datafield>
   <datafield tag="653" ind2=" " ind1=" ">
      <subfield code="a">Roman bronzes</subfield>
   </datafield>
   <datafield ind2="0" ind1="0" tag="245">
      <subfield code="a">La fórmula 'populus senatusque Romanus' en los bronces de Lascuta y Alcántara.</subfield>
   </datafield>
</record></metadata></record></GetRecord></OAI-PMH>